000 00878nam0a22002651 4500
001 rc\4909949
005 20250613035242.0
021 _aRU
_b[61-50056]
035 _a(NLR Aleph) 008934477
090 _a8905979
_c8905979
100 _a20130426d1961 |||y0rusy50 ca
101 0 _arus
102 _aRU
105 _aa z |||||
200 1 _aМеханизация заготовки пучковой арматуры
_fТул. совнархоз. Упр. пром-сти стройматериалов. ЦБТИ
210 _aТула
_cБ. и.
_d1961
215 _a17 с.
_cсхем.
_d20
606 _aАрматура
_xПроизводство
_xМеханизация
_2psbo
700 1 _aФилимонов
_bС.В.
701 1 _aЧекмазов
_bВ.И.
801 0 _aRU
_bNLR
_gpsbo
801 1 _aRU
_bELAR
_2rusmarc
852 _aNLR
_j61-4/10628
942 _cBOOK
980 _aNB